Normal view
MARC view
- Raihanah Hj. Azahari
Entry Personal Name
001 - CONTROL NUMBER
- control field: 1648
003 - CONTROL NUMBER IDENTIFIER
- control field: OSt
005 - DATE AND TIME OF LATEST TRANSACTION
- control field: 20170505093145.0
008 - FIXED-LENGTH DATA ELEMENTS
- fixed length control field: 170505|| aca||aabn | a|a d
040 ## - CATALOGING SOURCE
- Original cataloging agency: OSt
- Transcribing agency: OSt
100 ## - HEADING--PERSONAL NAME
- Personal name: Raihanah Hj. Azahari
670 ## - SOURCE DATA FOUND
- Source citation: Work cat.: (OSt)0: Mahmood Zuhdi Hj. Abdul Majid, Dato', 1945- 1645, Undang-undang keluarga Islam :, 1989

PORTAL AKMAL
E-MEL JKDM
AKMAL2U
G-BAM
u-PUSTAKA